Statistiken für BRICS Staaten

Klicken Sie hier um das Quiz zu spielen!

Allgemein

  • Dieses Quiz wurde 251 mal gespielt
  • Das Durchschnittsergebnis liegt bei 5 aus 5

Antwortstatistiken

HintBRICS Staat% Korrekt
CChina
96%
BBrasilien
95%
IIndien
95%
RRussland
95%
SSüdafrika
74%

Verteilung der Resultate

Perzentil nach korrekt beantworteten Fragen

Anzahl Personen mit jedem Resultat

Ihre Resultats-Entwicklung

Sie haben dieses Quiz noch nicht gespielt